MDQL
is popping MORE tags! Check the
thread
!
Quizzes
Events
Quiz Creation
Community
Videos
Private Events
Remove Ads
Sign In
Join for FREE
Feedback
Dark Mode
Quiz Categories
Sports
Geography
Music
Movies
Television
Just For Fun
Miscellaneous
History
Literature
Language
Science
Gaming
Entertainment
Religion
Holiday
For Kids
Quiz Lab
Recent
Popular Today
Quiz Kudos Today
Editor Picks
Curator Picks
Quizzes by...
Day
Popularity
Type
Ratings
Length
Year
Community
Subscriptions
Recent Discussions
Orange Saloon
Badges
Playlists
Quests
Create
Leaderboards
Showdown
Live 5
Trivia Bingo
Activity
Puzzle Library
Sporcle Events
Private Events
Virtual Trivia
Globe League
Become a Host
Pub Owners
SporcleCon
Opinionation
Our Games
Videos
Blog
Mobile Apps
Partnerships
Remove Ads and Go Orange
Feedback
Gaming
Video Games
Board Games
Card Games
Pokémon
Mario
Nintendo
Minecraft
Console
Toys
Legend of Zelda
Gaming
Video Games
Board Games
Card Games
Pokémon
Mario
Nintendo
Minecraft
Console
Toys
Legend of Zelda
Random Quiz
Search Sporcle
×
Quiz Lab
Quiz Lab
Gaming
Pokémon
Type in answers that appear in a list
Type in answers that appear in a list
Classic
Best Score? Go Orange.
Pokemon BW Exclusive Pokemon Stats
Can you name the Pokemon BW Exclusive Pokemon?
By
Cooldog123
7m
40 Questions
51 Plays
51 Plays
51 Plays
Comments
Comments
Give Quiz Kudos
Give Quiz Kudos
-
- Ratings
hide this ad
Replay
Link that replays current quiz
Next Quiz
Link to next quiz in quiz playlist
You Got
0%
They Got
Avg Score
87%
Avg Friend Score
Upgrade to see
Score Distribution
Jump to the score distribution portion of the page
Score
0/40
Timer
07:00
0
Plays Today
Game Exclusive to
Pokemon
% Correct
Black
Weedle
92.2%
Black
Kakuna
92.2%
Black
Beedrill
92.2%
Black
Gothita
92.2%
Black
Houndour
90.2%
Black
Houndoom
90.2%
Black
Cottonee
90.2%
Black
Gothitelle
90.2%
Black
Reshiram
90.2%
White
Caterpie
90.2%
White
Metapod
90.2%
White
Butterfree
90.2%
White
Solosis
90.2%
White
Duosion
90.2%
White
Zekrom
90.2%
Black
Whimsicott
88.2%
Black
Gothorita
88.2%
Black
Vullaby
88.2%
Black
Mandibuzz
88.2%
Black
Tornadus
88.2%
Game Exclusive to
Pokemon
% Correct
White
Reuniclus
88.2%
White
Thundurus
88.2%
White
Paras
86.3%
White
Parasect
86.3%
White
Lilligant
86.3%
White
Rufflet
86.3%
Black
Shroomish
84.3%
Black
Breloom
84.3%
Black
Plusle
84.3%
White
Poochyena
84.3%
White
Mightyena
84.3%
White
Minun
84.3%
White
Petilil
84.3%
White
Braviary
84.3%
Black
Honchkrow
82.4%
White
Misdreavus
82.4%
White
Mismagius
82.4%
Black
Murkrow
80.4%
Black
Volbeat
80.4%
White
Illumise
80.4%
Quiz Playlist
Details
Report
Send in Message
Add To Playlist
Classic:
Type in answers that appear in a list
Last Updated: Feb 16, 2017
Quiz Scoreboard
CHALLENGE
Sign Up to Join the Scoreboard
Show All
Scores
Hide
Comments
May contain spoilers
Recently Published
1-10 Letter E Words III
by El_Dandy
Language
2m
Street Fighter Characters
by Artimus82
Gaming
60s
College Basketball Coaching Resumes
by pancakes188
Sports
9m
More to Explore
Quiz From the Vault
Featured Blog Post
Where Did the Easter Bunny Come From?
hide this ad
You Might Also Like...
Tags
Pokémon Quiz
Exclusive
Today's Top Quizzes in Gaming
Browse Gaming
hide this ad
Today's Top Quizzes in Pokémon
Browse Pokémon
Top Contributed Quizzes in Gaming
1
5-to-1: Consoles
2
7-to-1: Board Game Piece Blitz
3
5-to-1: Legend of Zelda
4
League of Legends Pro Players by Career/Team History
5
Destiny 2 exotic weapons by perk icons
6
Ultimate Genshin Impact Logic Puzzle (up to 4.3)
7
Quick Pick: Video Games Lost in Translation
8
Franchise by Action Figure
9
Who's on the WWE 2K24 Cover?
10
Genshin Impact Logic Puzzle Quiz
Explore More
Trending Topics
Disney
Crossword
NBA
Kpop
Harry Potter
Anime
Marvel
Soccer
WWE
Puzzle
Pokémon
Song
Country
The Office
NFL
hide this ad
More By:
Cooldog123
Quiz
Plays
Rating
Category
Featured
Created
Brazil World Cup 2006 Squad
347
1.00
Sports
Mar 1, 2017
Spain World Cup 2006 Squad
277
Sports
Mar 4, 2017
Pokemon Diamond and Pearl Grab Bag
267
Gaming
Jan 22, 2017
New Day at Royal Rumble
219
5.00
Sports
Mar 29, 2017
Pokemon Moves 70+Power by type
211
5.00
Gaming
Jan 21, 2017
Go to Creator's Profile
Score Distribution
Quiz Creator Spotlight
Cooldog123
Follow
Send a Message
Quizzes Created
-
Created Quiz Play Count
-
More By This Creator
Popular Quizzes Today
1
Find the US States - No Outlines Minefield
2
Find the Countries of Europe - No Outlines Minefield
3
The Countries of the World
4
Find the US States
5
Risky Map Clicking: Biggest States A-Z
6
US States
7
Popular People in 1961
8
Movies - When Are They Set?
More Gaming Quizzes
Mastermind XXIII
Published
Trending Quizzes
Risky Map Clicking: Least Populous States A-Z
1-10 Letter G Words
1-10 Letter F Words
Countries of the World: 200 Million BC
Risky Map Clicking: Next State Alphabetically
Recently Updated
Beyoncé Albums
pecheneg
Leaping Animals
pecheneg
Reality TV Shows (A-Z)
bhenderson79
Rickey Henderson's Hall of Fame Teammates
pecheneg
Champions League XIs: Arsenal
pecheneg
Quick Pick: Celebrities in WWE's Hall of Fame
aduchscher
A-Z Keypad Blitz II
pecheneg
Multiple Oscar Actors
pecheneg
Mystery Phrase Blitz: Oscar 'Best Actors'
pecheneg
F. Scott Fitzgerald Novels
LTH
Trending Topics
Disney
Marvel
Kpop
NBA
Crossword
Anime
Harry Potter
Soccer
Country
Pokémon
Song
The Office
Puzzle
WWE
NFL
Your Account Isn't Verified!
In order to create a playlist on Sporcle, you need to verify the email address you used during registration. Go to your
Sporcle Settings
to finish the process.
Report this User
Report this user for behavior that violates our
Community Guidelines
.
Details:
Send Report
Go to the Sporcle.com Mobile Site →
Comments